| 000 | 01078nam a2200241 i 4500 | ||
|---|---|---|---|
| 001 | 157228 | ||
| 003 | ES-MaACL | ||
| 005 | 20250801093105.0 | ||
| 008 | 931025s1799 sp |||| | spa d | ||
| 100 | 1 |
_aLatassa y Ortin, Félix de. _970515 |
|
| 245 | 1 | 0 |
_aBiblioteca nueva de los escritores aragoneses _b: que florecieron desde el año de 1600 hasta 1640 / _csu autor el Doctor Don Felix de Latassa y Ortin... ; tomo \RII\R. |
| 260 |
_aEn Pamplona : _ben la oficina de Joaquin de Domingo..., _c1799. |
||
| 300 |
_a602 [i.e. 630] p. ; _c4º. |
||
| 596 | _aMarca de imp. en port. | ||
| 597 | _aSign.: A-Z\p4\s, 2A-2Z\p4\s, 3A-3Z\p4\s, 4A-4I\p4\s, 4K\p3\s. | ||
| 597 | _aErrores de pag., repetidas las p. 41 a la 48 y de la p. 466 pasa a la 447. | ||
| 650 | 4 |
_aAragon- _xBibliografia. _9222733 |
|
| 650 | 0 |
_aLiteratura española- _zAragón- _xBibliografía _9233447 |
|
| 650 | 0 |
_aEscritores aragoneses _9234111 |
|
| 752 |
_aEspaña - _dPamplona |
||
| 852 |
_aES-MaACL _jR-330-35 _z-- Enc. pasta española grabada _x Olim: C-2217-22 |
||
| 999 |
_c157228 _d157228 |
||